Personnages de fiction en images #5 - Statistiques

Statistiques générales
  • Ce quiz a été pris 194 fois
  • Le résultat moyen est 20 sur 40
Statistiques - réponses
Par images Hint Réponse % Correct
Le Roi lion Scar
92%
Super Mario Wario
89%
Black Panther
88%
Chucky
88%
Star Wars Luke Skywalker
82%
Rocky Balboa
82%
Blanche-Neige et les Sept Nains Simplet
80%
Popeye
78%
Belle
76%
Vice-Versa Dégoût
75%
Riri Duck
73%
Astérix Falbala
72%
Pokémon Miaouss
70%
Kirby
68%
La Reine des neiges Kristoff
63%
Harry Potter Nagini
59%
Les Quatre Fantastiques Le Surfer d'argent
55%
Avengers Vision
54%
Les Indestructibles Flèche Parr
51%
Dragon Ball Piccolo
47%
Garfield Odie
46%
Bob l'éponge Gary
45%
Naruto Jiraya
43%
Desperate Housewives Bree Van De Kamp
42%
Les Gardiens de la galaxie Drax le Destructeur
41%
Game of Thrones Sansa Stark
40%
Le Muppet Show Piggy la cochonne
39%
Les Simpson Petit Papa Noël
37%
Le Livre de la jungle Roi Louie
35%
La Petite Maison dans la prairie Laura Ingalls Wilder
33%
Toy Story Pile-Poil
29%
My Little Pony Rainbow Dash
25%
Élite Guzmán Nunier Osuna
19%
Tatie Danielle
19%
The Umbrella Academy Luther Hargreeves
17%
The Walking Dead Maggie Greene
16%
Indiana Jones Demi-Lune
10%
The Handmaid's Tale June Osborne
9%
Autant en emporte le vent Rhett Butler
9%
House of Cards Claire Underwood
6%
Aucun quiz correspondant
Distribution des résultats
% des personnes avec chaque résultat
Percentile par nombre de réponses
Votre historique - résultats
Vous n’avez pas pris ce quiz